Alhamdulillah / (No. rekod 1842)
[ format kosong ]
| 000 -LEADER | |
|---|---|
| fixed length control field | 01061pam a2200253 i 4500 |
| 003 - CONTROL NUMBER IDENTIFIER | |
| control field | KPN |
| 005 - DATE AND TIME OF LATEST TRANSACTION | |
| control field | 20260429102016.0 |
| 008 - FIXED-LENGTH DATA ELEMENTS--GENERAL INFORMATION | |
| fixed length control field | 20260429b 00| 0 my d |
| 020 ## - INTERNATIONAL STANDARD BOOK NUMBER | |
| International Standard Book Number | 9789674460327 |
| Qualifying information | paperback |
| Terms of availability | RM9.90 |
| 040 ## - CATALOGING SOURCE | |
| Transcribing agency | KPN |
| 082 04 - DEWEY DECIMAL CLASSIFICATION NUMBER | |
| Classification number | BM FK SIT 2015 |
| Edition number | 23 |
| 090 00 - LOCALLY ASSIGNED LC-TYPE CALL NUMBER (OCLC); LOCAL CALL NUMBER (RLIN) | |
| Classification number (OCLC) (R) ; Classification number, CALL (RLIN) (NR) | BM FK SIT 2015 |
| Local cutter number (OCLC) ; Book number/undivided call number, CALL (RLIN) | SIT |
| 100 0# - MAIN ENTRY--PERSONAL NAME | |
| Personal name | Siti Zarinah Husain, |
| Dates associated with a name | 1971- |
| Relator term | author. |
| 245 10 - TITLE STATEMENT | |
| Title | Alhamdulillah / |
| Statement of responsibility, etc. | Siti Zarinah ; Editor Ismawannie binti Ismail ; Ilustrasi Syafiq Som |
| 264 #1 - PRODUCTION, PUBLICATION, DISTRIBUTION, MANUFACTURE, AND COPYRIGHT NOTICE | |
| Place of production, publication, distribution, manufacture | Shah Alam, Selangor : |
| Name of producer, publisher, distributor, manufacturer | Grup Buku Karangkraf Sdn. Bhd., |
| Date of production, publication, distribution, manufacture, or copyright notice | 2015 |
| 300 ## - PHYSICAL DESCRIPTION | |
| Extent | 28 unnumbered pages : |
| Other physical details | colour illustrations ; |
| Dimensions | 24 cm. |
| 490 1# - SERIES STATEMENT | |
| Series statement | I ♥ Allah |
| 521 ## - TARGET AUDIENCE NOTE | |
| Target audience note | Buku "I Love Allah - Alhamdulillah" oleh Siti Zarinah ialah siri didikan insan untuk kanak-kanak yang mengajar mereka mengucap alhamdulillah apabila gembira atau memperoleh keinginan. Diterbitkan pada 2015, buku ini mendidik pembaca muda menghargai nikmat Allah. |
| 650 10 - SUBJECT ADDED ENTRY--TOPICAL TERM | |
| Topical term or geographic name entry element | Islamic stories, Malay |
| 700 0# - ADDED ENTRY--PERSONAL NAME | |
| Personal name | Ismawannie Ismail, |
| Relator term | editor. |
| Personal name | Syafiq Som, |
| Relator term | illustrator. |
| 830 #0 - SERIES ADDED ENTRY--UNIFORM TITLE | |
| Uniform title | I love Allah |
| 942 ## - ADDED ENTRY ELEMENTS (KOHA) | |
| Source of classification or shelving scheme | |
| Koha item type | Book |
| Suppress in OPAC | No |
| Withdrawn status | Lost status | Source of classification or shelving scheme | Damaged status | Not for loan | Collection code | Home library | Current library | Shelving location | Date acquired | Total Checkouts | Full call number | Barcode | Date last seen | Price effective from | Koha item type |
|---|---|---|---|---|---|---|---|---|---|---|---|---|---|---|---|
| Fiction | Perpustakaan Kementerian Perpaduan Malaysia | Perpustakaan Kementerian Perpaduan Malaysia | Children Fiction Rack | 29/04/2026 | BM FK SIT 2015 | KPN26040075 | 29/04/2026 | 29/04/2026 | Book |